MDQL
is popping MORE tags! Check the
thread
!
Quizzes
Events
Quiz Creation
Community
Videos
Private Events
Remove Ads
Sign In
Join for FREE
Feedback
Dark Mode
Quiz Categories
Sports
Geography
Music
Movies
Television
Just For Fun
Miscellaneous
History
Literature
Language
Science
Gaming
Entertainment
Religion
Holiday
For Kids
Quiz Lab
Recent
Popular Today
Quiz Kudos Today
Editor Picks
Curator Picks
Quizzes by...
Day
Popularity
Type
Ratings
Length
Year
Community
Subscriptions
Recent Discussions
Orange Saloon
Badges
Playlists
Quests
Create
Leaderboards
Showdown
Live 5
Trivia Bingo
Activity
Puzzle Library
Sporcle Events
Private Events
Virtual Trivia
Globe League
Become a Host
Pub Owners
SporcleCon
Opinionation
Our Games
Videos
Blog
Mobile Apps
Partnerships
Remove Ads and Go Orange
Feedback
Miscellaneous
Crossword
General Knowledge
Baby Names
Logo
Food
Cars
Numbers
Grab Bag
University
College
Popular
Company
Slogans
Restaurants
Justice
Letter
Miscellaneous
Crossword
General Knowledge
Baby Names
Logo
Food
Cars
Numbers
Grab Bag
University
College
Popular
Company
Slogans
Restaurants
Justice
Letter
Random Quiz
Search Sporcle
×
Quiz Lab
Quiz Lab
Miscellaneous
start
Type in answers that appear in a list
Type in answers that appear in a list
Classic
Best Score? Go Orange.
Starts With 'K' (And Has a 'Z') Stats
Can you name the Answers which Start With 'K' and Include a 'Z'?
By
oohsalmon
8m
18 Questions
321 Plays
321 Plays
321 Plays
Comments
Comments
Give Quiz Kudos
Give Quiz Kudos
-
- Ratings
hide this ad
Replay
Link that replays current quiz
Next Quiz
Link to next quiz in quiz playlist
You Got
0%
They Got
Avg Score
46%
Avg Friend Score
Upgrade to see
Score Distribution
Jump to the score distribution portion of the page
Score
0/18
Timer
08:00
0
Plays Today
Hint
Starts With 'K' (And Has a 'Z')
% Correct
World's Ninth Largest Country (in Area)
Kazakhstan
82.8%
Japanese Planes Without Landing Gear
Kamikaze
71.9%
Wind Instrument With Comedic Buzz
Kazoo
71.9%
Clumsy Fellow
Klutz
64.7%
December 26th-
January 1st Holiday
Kwanzaa
60%
1996 Classic Film Featuring Shaq as a Genie
Kazaam
53.1%
Napster Rival
Kazaa
52.2%
Prankster's Go-
To Adhesive
Krazy Glue
51.9%
Home of Western Michigan University
Kalamazoo
49.4%
Hint
Starts With 'K' (And Has a 'Z')
% Correct
Bishkek is the Capital of This Country
Kyrgyzstan
49.4%
Farming Community in Israel
Kibbutz
39.1%
3-
Time NCAA Basketball Champion Coach at Duke
Krzyzewski
36.9%
Dostoevsky 'Brothers'
Karamazov
35.9%
President of Afghanistan Since 2004
Karzai
34.4%
'The Vine That Ate The South'
Kudzu
25.6%
Emmy Winning Actress who played Lois on 'Malcolm in the Middle'
Kaczmarek
21.3%
2009 French Open Women's Champion
Kuznetsova
20.6%
Sang 'Fly Away,' 'Dig In,' and 'Again'
Kravitz
19.7%
Quiz Playlist
Details
Report
Send in Message
Add To Playlist
Classic:
Type in answers that appear in a list
Last Updated: Feb 16, 2017
Quiz Scoreboard
CHALLENGE
Sign Up to Join the Scoreboard
Show All
Scores
Hide
Comments
May contain spoilers
Recently Published
Image Sorting: Flags VI
by Barbecue
Geography
2m
Find the 'City' Movie
by crazypaving
Movies
60s
Colored Red Africa Blitz
by spor1
Geography
45s
More to Explore
Quiz From the Vault
Featured Blog Post
14 Easter Pick-up Lines to Find Eggs With
hide this ad
You Might Also Like...
Tags
Begins With
start
Today's Top Quizzes in Miscellaneous
Browse Miscellaneous
hide this ad
Today's Top Quizzes in start
Browse start
Top Contributed Quizzes in Miscellaneous
1
The JOE quick-fire general knowledge quiz: Day 174
2
5-to-1: Fast Food
3
9x9 Crossword: Disney Movie Titles
4
9x9 Crossword: Charlie and the Chocolate Factory
5
The JOE quick-fire general knowledge quiz: Day 173
6
9x9 Crossword: 2022 Movies
7
9x9 Crossword: Actors
8
9x9 Crossword: The Simpsons
9
9x9 Crossword: Pixar Movie Titles
10
9x9 Crossword: Flags
Explore More
Trending Topics
Disney
Anime
Crossword
Marvel
Harry Potter
NBA
Kpop
Soccer
Country
Puzzle
Pokémon
Song
NFL
WWE
The Office
hide this ad
More By:
oohsalmon
Quiz
Plays
Rating
Category
Featured
Created
Pro Sports Team Mammal Nicknames
1,826
3.43
Sports
Oct 12, 2009
Starts With 'K' (And Has a 'Z')
321
3.75
Miscellaneous
Sep 28, 2009
Go to Creator's Profile
Score Distribution
Quiz Creator Spotlight
oohsalmon
Follow
Send a Message
Quizzes Created
-
Created Quiz Play Count
-
More By This Creator
Popular Quizzes Today
1
Colored Red Africa Blitz
2
Find the US States - No Outlines Minefield
3
Find the 'City' Movie
4
5x2 Blitz: Bands
5
The Countries of the World
6
Find the US States
7
Find the Countries of Europe - No Outlines Minefield
8
US States
More Miscellaneous Quizzes
TinyGrid: Herbs and Spices
Quiz Lab
Trending Quizzes
Colored Red Europe Blitz I
Colored Red Europe Blitz II
Colored Red Africa Blitz II
Colored Red Europe Blitz III
Colored Red Africa Blitz III
Recently Updated
How Do You Spell That?
pecheneg
Godzilla Movies
pecheneg
Grab Bag: 4-10 Letters
pecheneg
2024 March Madness Bracket
pecheneg
Famous TV Couples
Peacemaker
Champions League XIs: Real Madrid
pecheneg
Largest US Cities 1790-2010
pecheneg
Rides in Walt Disney World
pecheneg
Most Oscar Losses (Acting)
pecheneg
Beyoncé Albums
pecheneg
Trending Topics
Disney
Harry Potter
Anime
Kpop
Crossword
NBA
Marvel
WWE
NFL
Puzzle
Soccer
Song
Pokémon
Country
The Office
Your Account Isn't Verified!
In order to create a playlist on Sporcle, you need to verify the email address you used during registration. Go to your
Sporcle Settings
to finish the process.
Report this User
Report this user for behavior that violates our
Community Guidelines
.
Details:
Send Report
Go to the Sporcle.com Mobile Site →
Comments